000
00303 a2200133 4500
001
92145
082
_a
297.382 KHA
090
_c
44106
_d
44105
100
_a
Zafarullah Khan
245
_a
Alla'humma
260
_a
Islamabad
_b
Aimal Matboohat
_c
2015
300
_a
xvi, 224p.
500
_a
General Book
942
_a
CAE NUST
_k
297.382 KHA
999
_c
327218
_d
327218